000
00316nam a2200133Ia 4500
005
20251222144816.0
008
251222s9999||||xx |||||||||||||| ||spa||
020
_a
019-458433-X
082
_a
421.54/H97/2
100
_a
Hutchinson, Tom
245
0
_a
Proyect Video:
264
_b
Oxford English Press
942
_c
LIB
999
_c
20297
_d
20297